[Event "BEL-ch opB"]
[Site "Westerlo"]
[Date "2004.07.??"]
[Round "9"]
[White "Sterckx, Ben"]
[Black "Verellen, Jef"]
[Result "1/2-1/2"]
[WhiteElo "1656"]
[BlackElo "1899"]
[PlyCount "82"]
[EventDate "2004.07.??"]
[EventType "swiss"]
[EventRounds "9"]
[EventCountry "BEL"]
[SourceTitle "EXT 2005"]
[Source "ChessBase"]
[SourceDate "2004.11.15"]
[SourceVersion "1"]
[SourceVersionDate "2004.11.15"]
[SourceQuality "1"]

1. d4 Nf6 2. c4 g6 3. Nc3 d5 4. cxd5 Nxd5 5. e4 Nxc3 6. bxc3 Bg7 7. Bc4 c5 8. Be3 0-0 9. Ne2 cxd4 10. cxd4 Nc6 11. 0-0 Na5 12. Bd3 b6 13. Qd2 Bb7 14. Rab1 e6 15. Rfc1 Rc8 16. Rxc8 Qxc8 17. Rc1 Qd7 18. f3 Rd8 19. Rd1 Rc8 20. Rc1 Rd8 21. Rd1 Qd6 22. Qb2 Rc8 23. Rc1 Rxc1+ 24. Nxc1 Nc6 25. Ne2 Qb4 26. Qxb4 Nxb4 27. Bb1 Ba6 28. Nc1 Kf8 29. e5 Bc4 30. a3 Nd5 31. Bd2 f6 32. f4 f5 33. Ba2 Bxa2 34. Nxa2 Ke8 35. Nc3 Nxc3 36. Bxc3 Bf8 37. Bb2 Kd7 38. Kf2 Kc6 39. Ke2 b5 40. Kd3 Be7 41. g3 Bd8 1/2-1/2